000 01025nam0a22002771 4500
001 rc\3693970
005 20130115152122.7
021 _aRU
_b[70-39360]
035 _a(NLR Aleph) 007758709
090 _a7342294
_c7342294
100 _a20130115d1970 |||y0rusy50 ca
101 1 _arus
_cund
102 _aRU
105 _aa z |||a|
200 1 _aВ гости
_e[Стихи]
_fПер. с евр. Т. Спендиаровой
_gРис. В. Конашевича
210 _aМосква
_cДет. лит.
_d1970
215 _a8 с.
_cил.
_d28
225 1 _aБиблиотечка детского сада
700 1 _aКвитко
_bЛ. М.
_f1890-1952
_gЛев Моисеевич
702 1 _aСпендиарова
_bТ.
_4730
702 1 _aКонашевич
_bВ. М.
_cхудожник, д-р искусствоведения
_f1888-1963
_gВладимир Михайлович
_3RU\NLR\AUTH\7740010
_4440
801 0 _aRU
_bNLR
_gpsbo
801 1 _aRU
_bELAR
_2rusmarc
852 _aNLR
_j69-8/2687
942 _cBOOK
980 _aNB